Countries With the Most Billionaires on Each Continent - Statistics

General Stats
  • This quiz has been taken 85 times
  • The average score is 28 of 34
Answer Stats
Continent # Answer % Correct
South America 51 Brazil
97%
North America 63 Canada
97%
North America 14 Mexico
97%
North America 735 United States
97%
Europe 43 France
96%
Europe 53 United Kingdom
96%
South America 5 Argentina
95%
Asia 562 China
95%
Europe 126 Germany
95%
Africa 5 South Africa
95%
Oceania 47 Australia
94%
Africa 6 Egypt
94%
Europe 64 Italy
94%
Oceania 3 New Zealand
94%
Asia 40 Japan
92%
South America 4 Colombia
91%
South America 7 Chile
90%
Asia 105 Russia
90%
Europe 105 Russia
90%
Asia 169 India
89%
South America 2 Peru
89%
Africa 3 Nigeria
85%
South America 2 Uruguay
85%
Africa 1 Morocco
78%
Europe 41 Switzerland
76%
Asia 35 Singapore
72%
Asia 52 Taiwan
70%
Africa 1 Algeria
67%
Africa 1 Tanzania
63%
Africa 1 Angola
58%
North America 1 Barbados
58%
Africa 1 Zimbabwe
48%
North America 2 St. Kitts & Nevis
47%
Africa 1 Eswatini
20%
No matching quizzes found
Score Distribution
Percent of People with Each Score
Percentile by Number Answered
Your Score History
You have not taken this quiz